Ratatouille (Record no. 51004)
[ view plain ]
| 000 -LEADER | |
|---|---|
| fixed length control field | 04670cgm a2200877Ia 4500 |
| 001 - CONTROL NUMBER | |
| control field | ocn163952543 |
| 003 - CONTROL NUMBER IDENTIFIER | |
| control field | OCoLC |
| 005 - DATE AND TIME OF LATEST TRANSACTION | |
| control field | 20241220121339.0 |
| 007 - PHYSICAL DESCRIPTION FIXED FIELD--GENERAL INFORMATION | |
| fixed length control field | vd cvaizk |
| 008 - FIXED-LENGTH DATA ELEMENTS--GENERAL INFORMATION | |
| fixed length control field | 070813s2007 cau111 g vaeng d |
| 020 ## - INTERNATIONAL STANDARD BOOK NUMBER | |
| International Standard Book Number | 0788875477 |
| 020 ## - INTERNATIONAL STANDARD BOOK NUMBER | |
| International Standard Book Number | 9780788875472 |
| 024 1# - OTHER STANDARD IDENTIFIER | |
| Standard number or code | 786936727173 |
| 028 42 - PUBLISHER NUMBER | |
| Publisher number | 53714 |
| Source | Walt Disney Home Entertainment |
| 035 ## - SYSTEM CONTROL NUMBER | |
| System control number | (Sirsi) i9780788875472 |
| 035 ## - SYSTEM CONTROL NUMBER | |
| System control number | (OCoLC)163952543 |
| 040 ## - CATALOGING SOURCE | |
| Original cataloging agency | TEFMT |
| Transcribing agency | TEFMT |
| Modifying agency | TEF |
| -- | BTCTA |
| -- | TEF |
| -- | MR0 |
| -- | JED |
| -- | OCLCQ |
| -- | UINTA |
| Description conventions | |
| 041 1# - LANGUAGE CODE | |
| Language code of text/sound track or separate title | eng |
| -- | spa |
| Language code of summary or abstract/overprinted title or subtitle | eng |
| Language code of original and/or intermediate translations of text | eng |
| 043 ## - GEOGRAPHIC AREA CODE | |
| Geographic area code | e-fr--- |
| 049 ## - LOCAL HOLDINGS (OCLC) | |
| Holding library | UCLB |
| 050 14 - LIBRARY OF CONGRESS CALL NUMBER | |
| Classification number | PN1995.9.C55 |
| Item number | R3838685554 2007 |
| 082 04 - DEWEY DECIMAL CLASSIFICATION NUMBER | |
| Classification number | 791.43/72 |
| Edition number | 22 |
| 092 ## - LOCALLY ASSIGNED DEWEY CALL NUMBER (OCLC) | |
| Classification number | 791.437 |
| 130 0# - MAIN ENTRY--UNIFORM TITLE | |
| Uniform title | Ratatouille (Motion picture) |
| 9 (RLIN) | 55867 |
| 245 10 - TITLE STATEMENT | |
| Title | Ratatouille |
| 260 ## - PUBLICATION, DISTRIBUTION, ETC. (IMPRINT) | |
| Place of publication, distribution, etc | Burbank, CA : |
| Name of publisher, distributor, etc | Walt Disney Home Entertainment : | Distributed by Walt Disney Studios Home Entertainment,Walt Disney Home Entertainment : |
| -- | Distributed by Buena Vista Home Entertainment, |
| Date of publication, distribution, etc | c2007. |
| 264 ## - Production, Publication, Distribution, Manufacture, and Copyright Notice. | |
| Place of production, publication, distribution, manufacture | Burbank, CA : |
| Name of producer, publisher, distributor, manufacturer | Walt Disney Home Entertainment : | Distributed by Walt Disney Studios Home Entertainment,Walt Disney Home Entertainment : |
| Date of production, publication, distribution, manufacture, or copyr | 2007 |
| 300 ## - PHYSICAL DESCRIPTION | |
| Extent | 1 videodisc (ca. 111 min.) : |
| Other physical details | sd., col. ; |
| Dimensions | 4 3/4 in. |
| 500 ## - GENERAL NOTE | |
| General note | Special features: all-new exclusive short - Remy and Emile present "Your friend the rat;" deleted scenes; never-before-seen documentary featuring director Brad Bird. |
| 508 ## - CREATION/PRODUCTION CREDITS NOTE | |
| Creation/production credits note | Directors of photography, Robert Anderson, Sharon Calahan ; animation directors, David DeVan, Michael Venturini ; editor, Darren Holmes ; music, Michael Giacchino ; production designer, Harley Jessup ; visual effects supervisor, Apurva Shah. |
| 511 0# - PARTICIPANT OR PERFORMER NOTE | |
| Participant or performer note | Voices: Patton Oswalt, Ian Holm, Lou Romano, Brian Dennehy, Peter Sohn, Peter O'Toole, Brad Garrett, Janeane Garofalo, Will Arnett, Julius Callahan, James Remar, John Ratzenberger. |
| 520 ## - SUMMARY, ETC. | |
| Summary, etc | A rat named Remy dreams of becoming a great chef despite his family's wishes and the obvious problem of being a rat in a decidedly rodent-phobic profession. When fate places Remy in Paris, he finds himself ideally situated beneath a restaurant made famous by his culinary hero. Despite the apparent dangers of being an unwanted visitor in the kitchen of one of Paris' most exclusive restaurants, Remy forms an unlikely partnership with Linguini, the garbage boy, who inadvertently discovers Remy's amazing talents. They strike a deal, ultimately setting into motion a chain of extraordinary events that turns the culinary world of Paris upside down. |
| 521 8# - TARGET AUDIENCE NOTE | |
| Target audience note | MPAA rating: G. |
| 538 ## - SYSTEM DETAILS NOTE | |
| System details note | DVD ; Region 1 ; widescreen (2.35:1) presentation ; Dolby Digital 5.1 surround, Dolby Digital 2.0 stereo. surround. |
| 546 ## - LANGUAGE NOTE | |
| Language note | In English or dubbed Spanish, with English subtitles. |
| 546 ## - LANGUAGE NOTE | |
| Language note | Closed-captioned. |
| 650 #0 - SUBJECT ADDED ENTRY--TOPICAL TERM | |
| Topical term or geographic name as entry element | Rats |
| Geographic subdivision | France |
| -- | Paris |
| Form subdivision | Drama. |
| 9 (RLIN) | 6479245 |
| 650 #0 - SUBJECT ADDED ENTRY--TOPICAL TERM | |
| Topical term or geographic name as entry element | Restaurants |
| Geographic subdivision | France |
| -- | Paris |
| Form subdivision | Drama. |
| 9 (RLIN) | 6479246 |
| 650 #0 - SUBJECT ADDED ENTRY--TOPICAL TERM | |
| Topical term or geographic name as entry element | Cookery |
| Geographic subdivision | France |
| -- | Paris |
| Form subdivision | Drama. |
| 9 (RLIN) | 6479247 |
| 650 #0 - SUBJECT ADDED ENTRY--TOPICAL TERM | |
| Topical term or geographic name as entry element | Restaurants |
| General subdivision | Employees |
| Form subdivision | Drama. |
| 9 (RLIN) | 5704369 |
| 650 #7 - SUBJECT ADDED ENTRY--TOPICAL TERM | |
| Topical term or geographic name as entry element | Restaurantes, cafeterías, etc. |
| Geographic subdivision | Francia |
| -- | París |
| Form subdivision | Teatro. |
| Source of heading or term | bidex |
| 9 (RLIN) | 6479248 |
| 650 #7 - SUBJECT ADDED ENTRY--TOPICAL TERM | |
| Topical term or geographic name as entry element | Cocina |
| Geographic subdivision | Francia |
| -- | París |
| Form subdivision | Teatro. |
| Source of heading or term | bidex |
| 9 (RLIN) | 6479249 |
| 650 #7 - SUBJECT ADDED ENTRY--TOPICAL TERM | |
| Topical term or geographic name as entry element | Rats |
| Geographic subdivision | France |
| Form subdivision | Paris |
| -- | Drama. |
| Source of heading or term | sears |
| 9 (RLIN) | 6479250 |
| 650 #7 - SUBJECT ADDED ENTRY--TOPICAL TERM | |
| Topical term or geographic name as entry element | Restaurants |
| Geographic subdivision | France |
| Form subdivision | Paris |
| -- | Drama. |
| Source of heading or term | sears |
| 9 (RLIN) | 6479251 |
| 650 #7 - SUBJECT ADDED ENTRY--TOPICAL TERM | |
| Topical term or geographic name as entry element | Cooking |
| Geographic subdivision | France |
| -- | Paris |
| Form subdivision | Drama. |
| Source of heading or term | sears |
| 9 (RLIN) | 6479252 |
| 650 #7 - SUBJECT ADDED ENTRY--TOPICAL TERM | |
| Topical term or geographic name as entry element | Restaurants |
| General subdivision | Employees |
| Form subdivision | Drama. |
| Source of heading or term | sears |
| 9 (RLIN) | 5704369 |
| 651 #0 - SUBJECT ADDED ENTRY--GEOGRAPHIC NAME | |
| Geographic name | Paris (France) |
| Form subdivision | Drama. |
| 9 (RLIN) | 5756540 |
| 651 #7 - SUBJECT ADDED ENTRY--GEOGRAPHIC NAME | |
| Geographic name | Paris (France) |
| Form subdivision | Drama. |
| Source of heading or term | sears |
| 9 (RLIN) | 5756540 |
| 655 #0 - INDEX TERM--GENRE/FORM | |
| Genre/form data or focus term | Feature films. |
| 9 (RLIN) | 6178780 |
| 655 #0 - INDEX TERM--GENRE/FORM | |
| Genre/form data or focus term | Animated films. |
| 9 (RLIN) | 6178781 |
| 655 #0 - INDEX TERM--GENRE/FORM | |
| Genre/form data or focus term | Comedy films. |
| 9 (RLIN) | 6178782 |
| 655 #0 - INDEX TERM--GENRE/FORM | |
| Genre/form data or focus term | Films for the hearing impaired. |
| 9 (RLIN) | 6178783 |
| 655 #7 - INDEX TERM--GENRE/FORM | |
| Genre/form data or focus term | Comedy |
| Form subdivision | Animation |
| -- | Feature. |
| Source of term | local |
| 9 (RLIN) | 5693065 |
| 655 #7 - INDEX TERM--GENRE/FORM | |
| Genre/form data or focus term | Animal |
| Form subdivision | Animation |
| -- | Feature. |
| Source of term | local |
| 9 (RLIN) | 5745615 |
| 700 1# - ADDED ENTRY--PERSONAL NAME | |
| Personal name | Lewis, Brad. |
| 9 (RLIN) | 49814 |
| 700 1# - ADDED ENTRY--PERSONAL NAME | |
| Personal name | Bird, Brad, |
| Dates associated with a name | 1957- |
| 9 (RLIN) | 71557 |
| 700 1# - ADDED ENTRY--PERSONAL NAME | |
| Personal name | Copobianco, Jim. |
| 9 (RLIN) | 6178784 |
| 700 1# - ADDED ENTRY--PERSONAL NAME | |
| Personal name | Pinkava, Jan, |
| Dates associated with a name | 1963- |
| 9 (RLIN) | 74548 |
| 700 1# - ADDED ENTRY--PERSONAL NAME | |
| Personal name | Oswalt, Patton, |
| Dates associated with a name | 1969- |
| 9 (RLIN) | 56514 |
| 700 1# - ADDED ENTRY--PERSONAL NAME | |
| Personal name | Holm, Ian, |
| Dates associated with a name | 1931- |
| 9 (RLIN) | 27566 |
| 700 1# - ADDED ENTRY--PERSONAL NAME | |
| Personal name | Romano, Lou. |
| 9 (RLIN) | 58426 |
| 700 1# - ADDED ENTRY--PERSONAL NAME | |
| Personal name | Dennehy, Brian. |
| 9 (RLIN) | 38283 |
| 700 1# - ADDED ENTRY--PERSONAL NAME | |
| Personal name | Sohn, Peter. |
| 9 (RLIN) | 21828 |
| 700 1# - ADDED ENTRY--PERSONAL NAME | |
| Personal name | O'Toole, Peter, |
| Dates associated with a name | 1932- |
| 9 (RLIN) | 20175 |
| 700 1# - ADDED ENTRY--PERSONAL NAME | |
| Personal name | Garrett, Brad, |
| Dates associated with a name | 1960- |
| 9 (RLIN) | 77092 |
| 700 1# - ADDED ENTRY--PERSONAL NAME | |
| Personal name | Garofalo, Janeane. |
| 9 (RLIN) | 63945 |
| 700 1# - ADDED ENTRY--PERSONAL NAME | |
| Personal name | Arnett, Will. |
| 9 (RLIN) | 72450 |
| 700 1# - ADDED ENTRY--PERSONAL NAME | |
| Personal name | Callahan, Julius. |
| 9 (RLIN) | 74864 |
| 700 1# - ADDED ENTRY--PERSONAL NAME | |
| Personal name | Remar, James. |
| 9 (RLIN) | 25945 |
| 700 1# - ADDED ENTRY--PERSONAL NAME | |
| Personal name | Ratzenberger, John. |
| 9 (RLIN) | 63524 |
| 710 2# - ADDED ENTRY--CORPORATE NAME | |
| Corporate name or jurisdiction name as entry element | Walt Disney Pictures. |
| 9 (RLIN) | 22141 |
| 710 2# - ADDED ENTRY--CORPORATE NAME | |
| Corporate name or jurisdiction name as entry element | Pixar (Firm) |
| 9 (RLIN) | 32746 |
| 710 2# - ADDED ENTRY--CORPORATE NAME | |
| Corporate name or jurisdiction name as entry element | Walt Disney Home Entertainment (Firm) |
| 9 (RLIN) | 70855 |
| 710 2# - ADDED ENTRY--CORPORATE NAME | |
| Corporate name or jurisdiction name as entry element | Buena Vista Home Entertainment (Firm) |
| 9 (RLIN) | 64615 |
| 942 ## - ADDED ENTRY ELEMENTS (KOHA) | |
| Koha item type | DVD |
| Source of classification or shelving scheme | Dewey Decimal Classification |
| Withdrawn status | Lost status | Source of classification or shelving scheme | Damaged status | Not for loan | Collection code | Home library | Current library | Shelving location | Date acquired | Source of acquisition | Cost, normal purchase price | Total Checkouts | Total Renewals | Full call number | Barcode | Date last seen | Date checked out | Cost, replacement price | Price effective from | Koha item type |
|---|---|---|---|---|---|---|---|---|---|---|---|---|---|---|---|---|---|---|---|---|
| Dewey Decimal Classification | Children Movies | Wasatch County Library | Wasatch County Library | Audio Visual Area | 08/06/2018 | Amazon | 10.00 | 70 | 31 | E DVD Rat | 34301001556598 | 01/14/2026 | 12/30/2025 | 10.00 | 03/20/2020 | DVD |
